|
|
|
|
| LEADER |
00706nab a2200193 i 4500 |
| 001 |
acta19230 |
| 005 |
20251103130958.0 |
| 008 |
161015s1943 hu o 000 hun d |
| 040 |
|
|
|a SZTE Egyetemi Kiadványok Repozitórium
|b hun
|
| 041 |
|
|
|a hun
|
| 100 |
1 |
|
|a Kozáky István
|
| 245 |
1 |
0 |
|a Zenei életünk
|h [elektronikus dokumentum] /
|c Kozáky István
|
| 260 |
|
|
|c 1943
|
| 300 |
|
|
|a 45-47
|
| 490 |
0 |
|
|a Délvidéki szemle
|v 2
|
| 650 |
|
4 |
|a Bölcsészettudományok
|
| 650 |
|
4 |
|a Művészetek (művészetek, művészettörténet, előadóművészetek, zene)
|
| 695 |
|
|
|a Kodály Zoltán, Zenei élet, Zenetörténet
|
| 856 |
4 |
0 |
|u http://acta.bibl.u-szeged.hu/19230/1/delvideki_szemle_002_045-047.pdf
|z Dokumentum-elérés
|